000 00719nam a22002177a 4500
999 _c166419
_d166419
005 20190723161131.0
008 190723b ||||| |||| 00| 0 eng d
010 _aENG-126056
020 _a9789385462184
_c1995.00(hb)
035 _aEN-109588
037 _aDBAD/PUB
082 _a332.10954
100 _aBanerjee,Gangadhar {and} Banerji,Srijeet
245 _aThe Economics of Financial Inclusion/
_cby Gangadhar Banerjee
260 _aNew Delhi
_bAne Books Pvt.Ltd.
_c2019
270 _a4821,Parwana Bhawan,1st Floor,24 Ansari road,Darya Ganj
300 _a217p
_b24cn (hb)
500 _ait includes Bibliography.
700 _aBanerjee,Gangadhar
942 _2ddc
_cEN
_eBAN
_h332.10954
_mBAN